000 00894nam a2200253Ia 4500
003 OSt
005 20220923213049.0
006 a|||||r|||| 00| 0
007 ta
008 220922b |||||||| |||| 00| 0 hin d
024 _a158,686
037 _cTextual
040 _aARTS
_cARTS
_bhin
041 _2hin
_ahin
082 _aO152v243, L3
100 _aसहगल, मनमोहन
_9156291
245 0 _aपंजाब के त्रिगुर्ण काव्य का दार्शनिक अध्ययन
246 _aPanjāb ke trigurṇa kāvya kā dārshanik adhyayana
260 _aदिल्ली
_b सूर्य प्रकाश
_c1973
300 _a272 पृ.
_ccm.
650 _aहिन्दी साहित्य
_9156264
942 _hO152v243, L3
_cTEXL
_2CC
999 _c313436
_d313436